Effect of some plasticizers on the structure and properties of 'Pan' febres (Record no. 49763)

MARC details
000 -LEADER
fixed length control field 00355nam a2200133Ia 4500
008 - FIXED-LENGTH DATA ELEMENTS--GENERAL INFORMATION
fixed length control field 230917s9999||||xx |||||||||||||| ||und||
040 ## - CATALOGING SOURCE
-- 93660
Original cataloging agency VIVEKANANDA LIBRARY
041 ## - Language
-- English
082 ## - DDC NUMBER
Classification number 677 P171E
100 ## - MAIN ENTRY--PERSONAL NAME
Personal name Pal, Saumitra Kumar
245 #0 - TITLE STATEMENT
Title Effect of some plasticizers on the structure and properties of 'Pan' febres
300 ## - PHYSICAL DESCRIPTION
Pages 30 p.
942 ## - ADDED ENTRY ELEMENTS (KOHA)
Koha item type Thesis
Holdings
Withdrawn status Lost status Damaged status Not for loan Location (home branch) Sublocation or collection (holding branch) Shelving location Date acquired Koha issues (times borrowed) Koha full call number Accession No. Koha date last seen Koha item type
        VIVEKANANDA LIBRARY VIVEKANANDA LIBRARY Reference 26/06/2003   677 P171E 117824 17/09/2023 Thesis
© Designed and Maintained by Vivekananda Library, MDU Rohtak